Has the climate changed in NE India (Record no. 60235)

MARC details
000 -LEADER
fixed length control field 00507nam a2200145Ia 4500
100 ## - MAIN ENTRY--AUTHOR NAME
Personal name Sailajadevi T.
245 #0 - TITLE STATEMENT
Title Has the climate changed in NE India
260 ## - PUBLICATION, DISTRIBUTION, ETC. (IMPRINT)
Name of publisher International Workshop on Climate Change and Rubber Cultivation: R & D Priorities, 28-30 July 2010, Rubber Research Institute of India, Kottayam, pp.6-8.
Year of publication 2010
650 ## - SUBJECT ADDED ENTRY--TOPICAL TERM
Topical Term Cliamte change
650 ## - SUBJECT ADDED ENTRY--TOPICAL TERM
Topical Term Climate variables
650 ## - SUBJECT ADDED ENTRY--TOPICAL TERM
Topical Term NE India
650 ## - SUBJECT ADDED ENTRY--TOPICAL TERM
Topical Term Rubber culture
942 ## - ADDED ENTRY ELEMENTS (KOHA)
Koha item type Journals
Holdings
Withdrawn status Lost status Damaged status Not for loan Home library Current library Shelving location Date acquired Koha item type
      Journals RRII Library RRII Library Climate change 13/08/2010 Journals